Familia, sociedad y vida: conferencias Santo Tomás de Aquino

Guardat en:
Dades bibliogràfiques
Autor corporatiu: Academia de Derecho Universidad Santo Tomás (Autor)
Format: Llibre
Idioma:espanyol
Publicat: Santiago Academia de Derecho Universidad Santo Tomás 2008
Edició:1a. ed
Matèries:
Etiquetes: Afegir etiqueta
Sense etiquetes, Sigues el primer a etiquetar aquest registre!

MARC

LEADER 00000cam a2200000 a 4500
001 UCC6514
003 CL-VaPUC
008 181213e20080000cl |||||||||||||||||spa|d
020 |a 9567946000 
082 0 4 |a 261.835  |b ACA  |2 21 
110 2 |a Academia de Derecho Universidad Santo Tomás  |e author  |9 600988 
245 1 0 |a Familia, sociedad y vida: conferencias Santo Tomás de Aquino 
250 |a 1a. ed 
300 |a 192 p 
942 |c BK 
945 |d 20181213 14:55:00  |a dcastane 
260 |a Santiago  |b Academia de Derecho Universidad Santo Tomás  |c 2008 
650 0 |a Familias   |9 255641 
650 0 |a Sociedad  |9 307903 
650 0 |a Vida cristiana  |9 258753 
583 |a last modification  |c 20181213 14:55:00  |k Rodrigo Vera 
999 |c 373455  |d 373453 
952 |0 0  |1 0  |3 erb  |4 0  |6 261_835000000000000_ACA_2008  |7 0  |8 A  |9 491562  |a BIBTEO  |b BIBTEO  |e Precht Pizarro, Jorge Enrique  |i 5520606  |o 261.835 ACA 2008  |p 5520606  |r 2025-01-17  |w 2019-11-24  |y BK  |z Catalogado en:20181213  |k ICR